Un hombre que acaso se llamaba Schulz (Record no. 17375)

MARC details
000 -LEADER
campo de control de longitud fija 00703nam a2200217 i 4500
001 - NÚMERO DE CONTROL
campo de control 17375
003 - IDENTIFICADOR DE NÚMERO DE CONTROL
campo de control ES-MaACL
005 - FECHA Y HORA DE LA ÚLTIMA TRANSACCIÓN
campo de control 20230906151550.0
007 - CAMPO FIJO DE DESCRIPCIÓN FÍSICA--INFORMACIÓN GENERAL
campo de control de longitud fija t|
008 - DATOS DE LONGITUD FIJA--INFORMACIÓN GENERAL
campo de control de longitud fija 010226s2000 sp ||||1| spa d
020 ## - NÚMERO INTERNACIONAL ESTÁNDAR DEL LIBRO
Número Internacional Estándar del Libro 84-95354-32-2
080 ## - NÚMERO DE LA CLASIFICACIÓN DECIMAL UNIVERSAL
Número de la Clasificación Decimal Universal 821.131.1-31"19"
100 1# - ENTRADA PRINCIPAL--NOMBRE DE PERSONA
Nombre de persona Riccarelli, Ugo.
9 (RLIN) 96874
245 13 - MENCIÓN DEL TÍTULO
Título Un hombre que acaso se llamaba Schulz
Resto del título : un diario íntimo /
Mención de responsabilidad, etc. Ugo Riccarelli ; prólogo de Antonio Tabucchi ; traducción de Carlos Gumpert.
260 ## - PUBLICACIÓN, DISTRIBUCIÓN, ETC.
Lugar de publicación, distribución, etc. Madrid :
Nombre del editor, distribuidor, etc. Maeva,
Fecha de publicación, distribución, etc. [2000]
300 ## - DESCRIPCIÓN FÍSICA
Extensión 188 p. ;
Dimensiones 24 cm.
700 1# - ENTRADA AGREGADA--NOMBRE PERSONAL
Nombre de persona Tabucchi, Antonio.
9 (RLIN) 109042
700 1# - ENTRADA AGREGADA--NOMBRE PERSONAL
Nombre de persona Gumpert, Carlos.
9 (RLIN) 60948
852 ## - LOCALIZACIÓN
Ubicación ES-MaACL
Número de control de estantería L-24286
Sublocalización o colección R.129572
852 ## - LOCALIZACIÓN
Ubicación ES-MaACL
Número de control de estantería L-24890
Sublocalización o colección R.129996
Holdings
Estatus retirado Estado de pérdida Estado de daño No para préstamo Biblioteca de origen Biblioteca actual Ubicación en estantería Fecha de adquisición Fuente de adquisición Total de préstamos Signatura topográfica completa Código de barras Visto por última vez Precio de reemplazo Tipo de ítem Koha
        Biblioteca del Ateneo de Madrid Biblioteca del Ateneo de Madrid Depósito 2 17/01/2008     L-24890 1017728 23/02/2023 23/02/2023 Libro impreso
        Biblioteca del Ateneo de Madrid Biblioteca del Ateneo de Madrid Depósito 2 17/01/2008     L-24286 1017727 23/02/2023 23/02/2023 Libro impreso